Online
Catalog

Mujeres de febrero. (Record no. 49337)

MARC details
000 -CABECERA
campo de control de longitud fija 01205nam a22003977a 4500
003 - IDENTIFICADOR DEL NÚMERO DE CONTROL
campo de control OSt
005 - FECHA Y HORA DE LA ÚLTIMA TRANSACCIÓN
campo de control 20210120124012.0
007 - CAMPO FIJO DE DESCRIPCIÓN FÍSICA--INFORMACIÓN GENERAL
campo de control de longitud fija ta
008 - DATOS DE LONGITUD FIJA--INFORMACIÓN GENERAL
campo de control de longitud fija 210120e2010 dr ||||| ||| 00| 0cspa d
040 ## - FUENTE DE LA CATALOGACIÓN
Centro catalogador/agencia de origen DO-SdBNP
Lengua de catalogación spa
Centro/agencia transcriptor BNPHU
041 ## - CÓDIGO DE LENGUA
Código de lengua original spa
082 ## - NÚMERO DE LA CLASIFICACIÓN DECIMAL DEWEY
Número de clasificación BNPHU- xxxx
Número de documento/Ítem M953, 2009
110 1# - ENTRADA PRINCIPAL--NOMBRE DE ENTIDAD CORPORATIVA
Nombre de entidad corporativa o nombre de jurisdicción como elemento de entrada República Dominicana :
Unidad subordinada Secretaría de la Mujer.
9 (RLIN) 57505
245 ## - MENCIÓN DE TÍTULO
Título Mujeres de febrero.
250 ## - MENCIÓN DE EDICIÓN
Mención de edición 4ta. edición.
260 ## - PUBLICACIÓN, DISTRIBUCIÓN, ETC.
Lugar de publicación, distribución, etc. Santo Domingo :
Nombre del editor, distribuidor, etc. Ministerio de la Mujer ,
Fecha de publicación, distribución, etc. 2010
300 ## - DESCRIPCIÓN FÍSICA
Extensión [22 pg.] ;
Dimensiones 20 cm
504 ## - NOTA DE BIBLIOGRAFÍA, ETC.
Nota de bibliografía, etc. Incluye bibliografía , pg. 22
505 0# - NOTA DE CONTENIDO CON FORMATO
Nota de contenido con formato Presentación.
505 0# - NOTA DE CONTENIDO CON FORMATO
Nota de contenido con formato Febrero mes de la patria.
505 0# - NOTA DE CONTENIDO CON FORMATO
Nota de contenido con formato María Baltasara de los Reyes.
505 0# - NOTA DE CONTENIDO CON FORMATO
Nota de contenido con formato Josefa Antonia Pérez de la Paz (Chepita).
505 0# - NOTA DE CONTENIDO CON FORMATO
Nota de contenido con formato Ana Valverde.
505 0# - NOTA DE CONTENIDO CON FORMATO
Nota de contenido con formato María Trinidad Sánchez.
505 0# - NOTA DE CONTENIDO CON FORMATO
Nota de contenido con formato Juana Saltitopa.
505 0# - NOTA DE CONTENIDO CON FORMATO
Nota de contenido con formato Concepción Bona.
505 0# - NOTA DE CONTENIDO CON FORMATO
Nota de contenido con formato Manuela Diez y Jiménez.
505 0# - NOTA DE CONTENIDO CON FORMATO
Nota de contenido con formato Rosa Duarte.
505 0# - NOTA DE CONTENIDO CON FORMATO
Nota de contenido con formato María de las Angustias Villa.
505 0# - NOTA DE CONTENIDO CON FORMATO
Nota de contenido con formato Filomena Gómez de Cova.
505 0# - NOTA DE CONTENIDO CON FORMATO
Nota de contenido con formato Rosa Montás de Duvergé
505 0# - NOTA DE CONTENIDO CON FORMATO
Nota de contenido con formato Froilan Febles
505 0# - NOTA DE CONTENIDO CON FORMATO
Nota de contenido con formato María de Jesús Pina.
505 0# - NOTA DE CONTENIDO CON FORMATO
Nota de contenido con formato Rosa Bastardo de Guillemo
942 ## - ELEMENTOS DE PUNTO DE ACCESO ADICIONAL (KOHA)
Fuente del sistema de clasificación o colocación Dewey Decimal Classification
Tipo de ítem Koha Folleto
Holdings
Estado de retiro Estado de pérdida Fuente del sistema de clasificación o colocación No para préstamo Código de colección Localización permanente Ubicación/localización actual Ubicación en estantería Fecha de adquisición Fuente de adquisición Total de préstamos Signatura topográfica completa Código de barras Fecha visto por última vez Precio válido a partir de Tipo de ítem Koha
    Dewey Decimal Classification Excluido de préstamo Patrimonio Dominicano Biblioteca Nacional Pedro Henríquez Ureña Patrimonio Dominicano Depósito 01.09.2020 Donado por Patria Núñez.   BNPHU- xxxx M953, 2010 2021-0115 20.01.2021 20.01.2021 Libro y Folleto Colección Patrimonio Dominicano

Powered by Koha